LEADER 01676nam 2200373 n 450 001 996384091203316 005 20221108033236.0 035 $a(CKB)1000000000599844 035 $a(EEBO)2240936757 035 $a(UnM)9959120900971 035 $a(EXLCZ)991000000000599844 100 $a19930723d1624 uh 101 0 $aeng 135 $aurbn||||a|bb| 200 10$aBy the King. A proclamation for the preseruation of grounds for making of salt-peeter$b[electronic resource] $eand to restore such grounds which now are destroyed, and to command assistance to be giuen to his Maiesties salt-peeter-makers 210 $aImprinted at London $cby Bonham Norton and Iohn Bill, printers to the Kings most excellent Maiestie$d1624 215 $a4 sheets (versos blank) 300 $aForbidding the paving over of dovecotes, cellars, stables, etc.--STC. 300 $aDated at end: ... VVestminster, the sixe and twentieth day of December, in the two and twentieth yeere of our reigne .. 300 $aSheets 2 and 3 are numbered. 300 $aArms 14; Steele notation: Our for 2) to 3) the 4) time for. 300 $aReproduction of original in the British Library. 330 $aeebo-0018 606 $aSaltpeter industry$zEngland$xLaw and legislation$vEarly works to 1800 615 0$aSaltpeter industry$xLaw and legislation 701 $aJames$cKing of England,$f1566-1625.$01001019 801 0$bCu-RivES 801 1$bCu-RivES 801 2$bCStRLIN 801 2$bCu-RivES 906 $aBOOK 912 $a996384091203316 996 $aBy the King. A proclamation for the preseruation of grounds for making of salt-peeter$92412301 997 $aUNISA